000 00589cam a2200229ua 4500
001 9610
005 20260515114510.0
008 160309n ii |||gr||||Z||||||asm
020 _a9789381784839
040 _cMAIN
041 _aasm
082 _a307.14
100 _aSaikia, Jyoti Prasad,
_eAuthor.
245 1 _aGramya unnayanar samajtattwa
_cby Jyoti Prasad Saikia
250 _a2nd ed.
260 _aJorhat:
_bBidya bhawan,
_c2015.
300 _a170p.
653 _aCommunities
653 _aSociology of rural development
700 _aGogoi, Rekhamoni,
_eAuthor.
942 _cBK
999 _c8631
_d8631